header

Retirement on the line (Record no. 138901)

MARC details
000 -LEADER
fixed length control field 01445nam a2200373Ia 4500
082 04 - DEWEY DECIMAL CLASSIFICATION NUMBER
Classification number 331.3/9887283209744
100 1# - MAIN ENTRY--AUTHOR NAME
Personal name Lynch, Caitrin.
245 10 - TITLE STATEMENT
Title Retirement on the line
260 ## - PUBLICATION, DISTRIBUTION, ETC. (IMPRINT)
Place of publication Ithaca :
Name of publisher ILR Press,
Year of publication c2012.
300 ## - PHYSICAL DESCRIPTION
Number of Pages x, 228 p. :
Other physical details ill.
650 #0 - SUBJECT ADDED ENTRY--TOPICAL TERM
Topical Term Manufacturing industries
Topical Term Older people
Topical Term Retirement
856 40 - ELECTRONIC LOCATION AND ACCESS
Uniform Resource Identifier http://site.ebrary.com/lib/rucke/Doc?id=10547365

No items available.

© 2026 Rongo University
Contact us: librarian | system librarian | Rongo university